000 02537cam a2200301 4500500
005 20260111145822.0
041 _afre
042 _adc
100 1 0 _aParasie, Sylvain
_eauthor
245 0 0 _aRendre présent l'« Esprit-Saint »
260 _c2005.
500 _a98
520 _aRésuméL’auteur s’intéresse à une pratique aujourd’hui très répandue dans l’Église catholique, la prière charismatique collective, apparue en France en 1972. Alors que la démarche charismatique met l’accent sur le rapport individuel avec Dieu, l’article montre, à partir d’une analyse ethnographique menée en 2000 dans un groupe parisien de la communauté de l’Emmanuel, comment le dispositif de la prière (chant collectif, louanges, paroles d’exhortation, lectures) permet aux participants, dans un jeu interactionnel, de s’accorder sur la présence de Dieu, de Jésus, de l’Esprit-Saint.
520 _aThe author studies a very widespread practice in the Catholic Church today, the collective charismatic prayer that appeared in France in 1972. While the charismatic approach emphasizes the individual relationship with God, the article shows from an ethnographical analysis conducted in 2000 in a Parisian group of the Emmanuel community how the organization of the prayer (collective song, praise, words of exhortation, readings) enables the participants to get together in communion with God, Jesus and the Holy Spirit.
520 _aZusammenfassungDer Autor studiert eine heute weitverbreitete Praktik der katholischen Kirche, das kollektive charismatische Gebet, das 1972 in Frankreich erschienen ist. Während der charismatische Schritt den Schwerpunkt auf die individuelle Beziehung mit Gott legt, geht der Artikel von einer ethnographischen Studie aus, die 1972 in einer Pariser Gruppe der Gemeinschaft von Emmanuael gemacht wurde, um zu zeigen, wie das Gebet den Teilnehmern ermöglicht, in Gleichklang mit Gott, Jesus und dem Heiligen Geist zusammen zu werden.
690 _aÉglise catholique
690 _agroupe de prière
690 _amouvement charismatique
690 _anouveaux mouvements religieux
690 _areligion
690 _acatholic church
690 _acharismatic movement
690 _anew religious movements
690 _aprayer group
690 _areligion
786 0 _nEthnologie française | 35 | 2 | 2005-06-01 | p. 347-354 | 0046-2616
856 4 1 _uhttps://shs.cairn.info/revue-ethnologie-francaise-2005-2-page-347?lang=fr&redirect-ssocas=7080
999 _c1636529
_d1636529